000 00846nam a2200253Ia 4500
003 OSt
005 20220918172145.0
006 a|||||r|||| 00| 0
007 ta
008 220917b |||||||| |||| 00| 0 eng d
020 _a9789383095124 (hbk)
_cINR 40.00
024 _a352,404
037 _bI-3297, 29/01/2020, Aakar Books
_cTextual
040 _aARTS
_cARTS
_beng
041 _2eng
_aeng
082 _aDelta25x1,1:g, N1
100 _aPrabhupada A. C. Bhaktivedanta Swami Au.
245 0 _aNarada - bhakti - sutra
_b secrets of transcendental love
260 _aMumbai
_bThe Bhaktivedanta Book Trust India
_c1991
300 _axi,227p.
_ccm.
650 _aSPIRITUALISM
942 _hDelta25x1,1:g, N1
_cTEXL
_2CC
999 _c142851
_d142851